[Event "AUTO-INT-2309"]
[Site "http://www.queenalice.com/game.php?id=1153847"]
[Date "2013.2.20"]
[Round "3"]
[White "Ravendark"]
[Black "Betim_Xadrez"]
[Result "1-0"]
[WhiteElo "1766"]
[BlackElo "1592"]

1. e4 e5 2. Nf3 Nc6 3. Bc4 Bc5 4. c3 Nf6 5. d4 exd4 6. cxd4 Bb4+ 7. Bd2 Nxe4 8.
Nc3 Nxd2 9. Qxd2 Qe7+ 10. Qe2 Qxe2+ 11. Kxe2 d6 12. Rhe1 O-O 13. Kf1 Bg4 14. Re3
Bxf3 15. Rxf3 Nxd4 16. Rf4 c5 17. Re1 b5 18. Bd5 Rab8 19. Re7 Bxc3 20. bxc3 Ne6
21. Rf3 a5 22. Rd7 Rb6 23. Ke2 Re8 24. Kd2 h6 25. Rfxf7 1-0

[Event "AUTO-INT-2309"]
[Site "http://www.queenalice.com/game.php?id=1153848"]
[Date "2013.2.20"]
[Round "3"]
[White "Betim_Xadrez"]
[Black "Ravendark"]
[Result "1-0"]
[WhiteElo "1557"]
[BlackElo "1769"]

1. e4 e5 2. Nf3 Nc6 3. Bb5 a6 4. Ba4 Nf6 5. Nc3 b5 6. Bb3 Bc5 7. O-O O-O 8. Nxe5
Nxe5 9. d4 Bxd4 10. Qxd4 Re8 11. Bg5 c6 12. f4 Neg4 13. h3 Nh6 14. e5 1-0

[Event "Let's Play Chess!"]
[Site "http://www.queenalice.com/game.php?id=1154863"]
[Date "2013.2.23"]
[Round "-"]
[White "Canuma"]
[Black "Ravendark"]
[Result "1-0"]
[WhiteElo "2108"]
[BlackElo "1745"]

1. f4 d5 2. Nf3 Nf6 3. d3 Bg4 4. Nbd2 c5 5. c3 Nc6 6. e4 e6 7. Be2 dxe4 8. Nxe4
Be7 9. O-O O-O 10. h3 Bf5 11. Nxf6+ Bxf6 12. Be3 b6 13. Qc2 Re8 14. a4 Qc7 15.
Rfd1 Rad8 16. g4 Bg6 17. g5 Be7 18. Nh4 e5 19. f5 Bxf5 20. Nxf5 Qc8 21. Bg4 Qc7
22. b3 g6 23. Nh6+ Kf8 24. Rf1 1-0

[Event "Let's Play Chess!"]
[Site "http://www.queenalice.com/game.php?id=1154864"]
[Date "2013.2.23"]
[Round "-"]
[White "Ravendark"]
[Black "Canuma"]
[Result "0-1"]
[WhiteElo "1747"]
[BlackElo "2105"]

1. e4 e5 2. Bc4 Nf6 3. d4 exd4 4. Nf3 Nxe4 5. Qxd4 Nf6 6. Nc3 Nc6 7. Qh4 Be7 8.
Bg5 d6 9. O-O O-O 10. a3 h6 11. Bxh6 gxh6 12. Qxh6 Nh7 13. Bd3 f5 14. Rfe1 Bf6
15. Re2 d5 16. Rb1 Ne7 17. Nb5 c6 18. Nc3 Qd6 19. Rbe1 Rf7 20. b4 b5 21. Ne5
Bxe5 22. Rxe5 Qxh6 0-1

[Event "Let's Play Chess!"]
[Site "http://www.queenalice.com/game.php?id=1155657"]
[Date "2013.2.26"]
[Round "-"]
[White "Ravendark"]
[Black "spawnwolfwolverine"]
[Result "1-0"]
[WhiteElo "1740"]
[BlackElo "1490"]

1. e4 e5 2. Bc4 d6 3. f4 exf4 4. Nf3 Bg4 5. d4 g6 6. Bxf4 Bxf3 7. Qxf3 Bg7 8. c3
Nf6 9. Nd2 O-O 10. O-O Nc6 11. Bg5 Qd7 12. Bxf6 Bxf6 13. Qxf6 a6 14. Rf2 Qe7 15.
Raf1 Qxf6 16. Rxf6 Na5 17. Bxf7+ Rxf7 18. Rxf7 c5 19. R1f6 cxd4 20. cxd4 b5 21.
Rd7 Nc4 22. Nxc4 bxc4 23. Rfxd6 a5 24. Rd8+ Rxd8 25. Rxd8+ Kf7 26. e5 Ke6 27.
Kf2 a4 28. Ke3 g5 29. g4 h5 30. h3 hxg4 31. hxg4 c3 32. bxc3 a3 33. Ke4 Ke7 34.
Ra8 Ke6 35. d5+ Ke7 36. Ra7+ Kd8 37. e6 Kc8 38. e7 Kb8 39. Rxa3 Kc8 40. e8=Q+
Kc7 41. Qc6+ Kd8 42. Qb7 Ke8 43. Ra8# 1-0

[Event "Let's Play Chess!"]
[Site "http://www.queenalice.com/game.php?id=1155658"]
[Date "2013.2.26"]
[Round "-"]
[White "spawnwolfwolverine"]
[Black "Ravendark"]
[Result "0-1"]
[WhiteElo "1460"]
[BlackElo "1732"]

1. d3 e5 2. e4 Nf6 3. Bg5 Be7 4. Bxf6 Bxf6 5. Nc3 c6 6. Nf3 d5 7. exd5 cxd5 8.
Be2 Nc6 9. O-O O-O 10. a3 Re8 11. b4 e4 12. Nxd5 Bxa1 13. dxe4 Bb2 14. Bd3 Bxa3
15. Bb5 Bd7 16. Bxc6 Bxc6 17. c4 Rxe4 18. b5 Bxd5 19. Qxd5 Qxd5 20. cxd5 Rd8 21.
Rd1 f5 22. g3 Bd6 23. Ng5 Rb4 24. Ne6 Rc8 25. f4 Rxb5 26. h3 Rc2 27. g4 fxg4 28.
hxg4 Rbb2 29. f5 Rg2+ 30. Kf1 Rxg4 31. Rc1 Rh4 32. Rc8+ Kf7 33. Rf8+ Ke7 34. Rg8
Rh1# 0-1

[Event "Let's Play Chess!"]
[Site "http://www.queenalice.com/game.php?id=1764267"]
[Date "2021.7.13"]
[Round "-"]
[White "charles31"]
[Black "Ravendark"]
[Result "0-1"]
[WhiteElo "1735"]
[BlackElo "1786"]

1. e4 e5 2. Nc3 Nf6 3. h3 Bb4 4. a3 Ba5 5. d4 Nxe4 6. Bd2 Nxc3 7. Bxc3 Bxc3+ 8.
bxc3 Nc6 9. Bc4 d5 10. Bb3 Be6 11. dxe5 Nxe5 12. Ne2 Qd7 13. f4 Nc4 14. Bxc4
dxc4 15. Nd4 O-O-O 16. O-O Rhe8 17. g4 Bd5 18. f5 Re3 19. Qd2 Rxh3 20. Nf3 Bxf3
21. Qxd7+ Rxd7 22. Rxf3 Rxf3 23. Kg2 Rxc3 0-1

[Event "AUTO-ADV-4520"]
[Site "http://www.queenalice.com/game.php?id=1764342"]
[Date "2021.7.14"]
[Round "1"]
[White "Ravendark"]
[Black "Boeing"]
[Result "1-0"]
[WhiteElo "1851"]
[BlackElo "1922"]

1. e4 e5 2. Nf3 d6 3. d4 exd4 4. Nxd4 c5 5. Nf3 Bg4 6. Bb5+ Nc6 7. Nbd2 Bxf3 8.
Qxf3 Nf6 9. O-O Be7 10. Rd1 O-O 11. c3 Ne5 12. Qg3 Nh5 13. Qe3 a6 14. Bc4 Nxc4
15. Nxc4 b5 16. Nxd6 Bxd6 17. e5 Re8 18. Rxd6 Qc7 19. Rd5 Rad8 20. Rxd8 Qxd8 21.
Bd2 c4 22. Rd1 Qb8 23. f4 f6 24. e6 h6 25. Bc1 g6 26. f5 g5 27. Qh3 Nf4 28. Qxh6
Qa7+ 29. Kh1 Qg7 30. Qxg7+ Kxg7 31. Bxf4 gxf4 32. Rd4 a5 33. a4 bxa4 34. Rxc4
Kh6 35. Rxf4 Kg5 36. g3 Rb8 37. h4+ Kh5 38. Rxa4 Rb5 39. b4 axb4 40. Rxb4 Rxf5
41. g4+ 1-0

[Event "AUTO-ADV-4520"]
[Site "http://www.queenalice.com/game.php?id=1764343"]
[Date "2021.7.14"]
[Round "1"]
[White "Boeing"]
[Black "Ravendark"]
[Result "0-1"]
[WhiteElo "1942"]
[BlackElo "1831"]

1. e4 e5 2. Qh5 Nc6 3. Bc4 Qe7 4. Nc3 Nf6 5. Qf3 Nd4 6. Qd3 Qc5 7. Nge2 Nxc2+ 8.
Qxc2 Qxc4 9. d3 Qe6 10. O-O c6 11. Na4 d5 12. exd5 Nxd5 13. d4 Bb4 14. Nc5 Qg4
15. h3 Bf5 16. Qd1 Qg6 17. Ng3 Bc2 18. Qe2 f6 19. a3 Bxc5 20. Re1 Bd3 21. Qg4
Qxg4 22. hxg4 Bxd4 23. Nf5 O-O 24. Be3 Bxb2 25. Rad1 Bc2 26. Bc5 Bxd1 27. Bxf8
Bxg4 28. Rb1 Bxf5 29. Rxb2 Kxf8 30. Rxb7 Bc8 31. Rb3 Ba6 32. g3 c5 33. Kh2 c4
34. Rb1 c3 35. Rc1 Rb8 0-1

[Event "AUTO-ADV-4520"]
[Site "http://www.queenalice.com/game.php?id=1764344"]
[Date "2021.7.14"]
[Round "1"]
[White "Ravendark"]
[Black "francisc059"]
[Result "1/2-1/2"]
[WhiteElo "1800"]
[BlackElo "1876"]

1. e4 e5 2. Nf3 Nc6 3. Bc4 Bc5 4. c3 Nf6 5. d4 exd4 6. cxd4 Be7 7. Nc3 O-O 8.
O-O Na5 9. Bb5 a6 10. Bd3 d6 11. d5 Bg4 12. b4 Nc6 13. dxc6 bxc6 14. h3 Be6 15.
Nd4 Bd7 16. Qb3 c5 17. Nc2 Be6 18. Nd5 cxb4 19. Ncxb4 Nxd5 20. exd5 Bd7 21. Qc2
g6 22. Nxa6 Qc8 23. Nxc7 Ra7 24. Re1 Rxc7 25. Qb3 Bf6 26. Bb2 Bxb2 27. Qxb2 Re8
28. Rab1 Rxe1+ 29. Rxe1 Rc5 30. Qd4 Bb5 31. Bxb5 Rxb5 32. a4 Rc5 33. Qe4 Rc1 34.
a5 Rxe1+ 35. Qxe1 Qc4 36. Qe8+ Kg7 37. Qc6 Qa2 38. a6 Qa1+ 39. Kh2 Qa2 40. Kg3
Qa3+ 41. Kf4 Qb4+ 42. Kf3 Qb3+ 43. Ke2 Qb2+ 44. Ke3 Qb3+ 45. Kf4 Qb4+ 46. Kg3 h5
47. Qb7 Qc3+ 48. Kh2 Qe5+ 49. g3 h4 50. a7 hxg3+ 51. Kg2 gxf2 52. Kxf2 Qd4+ 53.
Kg3 Qe3+ 54. Kg2 1/2-1/2

[Event "AUTO-ADV-4520"]
[Site "http://www.queenalice.com/game.php?id=1764345"]
[Date "2021.7.14"]
[Round "1"]
[White "francisc059"]
[Black "Ravendark"]
[Result "1/2-1/2"]
[WhiteElo "1910"]
[BlackElo "1828"]

1. e4 e5 2. Nf3 Nc6 3. d4 exd4 4. Bc4 Bc5 5. c3 d3 6. Qxd3 Nf6 7. Bg5 O-O 8. O-O
Re8 9. Nbd2 Ne5 10. Nxe5 Rxe5 11. Nf3 Re8 12. e5 d5 13. Bb3 h6 14. exf6 hxg5 15.
Nxg5 Qxf6 16. Qh7+ Kf8 17. Qh8+ Ke7 18. Qh5 g6 19. Qe2+ Be6 20. Nxe6 Qxe6 21.
Qxe6+ fxe6 22. Rfe1 Rad8 23. Bc2 Rf8 24. Re2 Kf6 25. Kf1 e5 26. Rd1 g5 27. Bb3
Ke6 28. c4 d4 29. Rde1 Bb4 30. Rd1 Kf6 31. Bc2 Ke6 32. Be4 Rh8 33. Kg1 c6 34. a3
Ba5 35. b4 Bb6 36. c5 Bc7 37. g4 Rh3 38. f3 Rdh8 39. Bf5+ Kd5 40. Be4+ Kc4 41.
Rb2 Kc3 42. Rdd2 d3 43. Bxd3 Rxf3 44. Be2 Rf4 45. Rdc2+ Kd4 46. Rd2+ Kc3 47.
Rdc2+ Kd4 48. Rd2+ Kc3 1/2-1/2

[Event "AUTO-ADV-4520"]
[Site "http://www.queenalice.com/game.php?id=1774809"]
[Date "2021.11.14"]
[Round "2"]
[White "Ravendark"]
[Black "francisc059"]
[Result "0-1"]
[WhiteElo "1900"]
[BlackElo "2019"]

1. e4 e5 2. Nf3 Nc6 3. Bc4 Bc5 4. c3 a6 5. d4 exd4 6. cxd4 Ba7 7. d5 Nce7 8. Nc3
d6 9. O-O Nf6 10. Bg5 Bg4 11. Bxf6 gxf6 12. h3 Bh5 13. Rc1 Bg6 14. Qb3 O-O 15.
Qxb7 Bb6 16. Rc2 Ra7 17. Qxa7 Bxa7 18. Bxa6 f5 19. exf5 Bxf5 0-1

[Event "AUTO-ADV-4520"]
[Site "http://www.queenalice.com/game.php?id=1774810"]
[Date "2021.11.14"]
[Round "2"]
[White "francisc059"]
[Black "Ravendark"]
[Result "1-0"]
[WhiteElo "2030"]
[BlackElo "1889"]

1. e4 e5 2. Nf3 Nc6 3. d4 exd4 4. Nxd4 Bc5 5. Nxc6 Qf6 6. Qf3 dxc6 7. Nc3 Qxf3
8. gxf3 Be6 9. Be3 Bxe3 10. fxe3 Nf6 11. e5 Nd7 12. f4 Rd8 13. O-O-O O-O 14. Rg1
f6 15. exf6 Nxf6 16. Rxd8 Rxd8 17. Be2 Nd5 18. Nd1 Nb4 19. a3 Nd5 20. Bg4 Bxg4
21. Rxg4 Kf7 22. Rg5 1-0

[Event "AUTO-ADV-4520"]
[Site "http://www.queenalice.com/game.php?id=1774813"]
[Date "2021.11.14"]
[Round "2"]
[White "Ravendark"]
[Black "beteljeuxe"]
[Result "0-1"]
[WhiteElo "1904"]
[BlackElo "2609"]

1. e4 c6 2. d4 d5 3. Nc3 dxe4 4. Nxe4 Bf5 5. Ng3 Bg6 6. Nf3 Nd7 7. h4 h6 8. h5
Bh7 9. Bd3 Bxd3 10. Qxd3 e6 11. Bd2 Ngf6 12. O-O-O Be7 13. Rhe1 O-O 14. Qe2 c5
15. Qd3 Rc8 16. Bc3 c4 17. Qd2 Nd5 0-1

[Event "AUTO-ADV-4520"]
[Site "http://www.queenalice.com/game.php?id=1774814"]
[Date "2021.11.14"]
[Round "2"]
[White "beteljeuxe"]
[Black "Ravendark"]
[Result "1-0"]
[WhiteElo "2610"]
[BlackElo "1902"]

1. d4 d5 2. c4 e6 3. Nc3 Nf6 4. cxd5 exd5 5. Bg5 Be7 6. e3 c6 7. Bd3 Nbd7 8. Qc2
O-O 9. Nf3 Re8 10. O-O Nf8 11. h3 Ne4 12. Bf4 Ng5 13. Nxg5 Bxg5 14. Bg3 Be6 15.
b4 Rc8 16. Na4 h5 17. Nc5 1-0